000 00561nam a2200193 i 4500
001 79228
003 ES-MaACL
005 20230906173930.0
007 t|
008 041020s1943 sp ||||1| spa d
100 1 _aHereza Ortuño, Juan.
_962707
245 1 0 _aHidrocarburos en general /
_cpor Juan Hereza Ortuño.
260 _aMadrid :
_b[s.n.,
_c1943] (
_fGráficas Reunidas)
300 _a38 p. ;
_c16 cm.
490 1 _aMineria y metalurgia
830 0 _aMineria y metalurgia
_9183427
852 _aES-MaACL
_jF-15835
_bR.20305
999 _c79228
_d79228